Thai rubberinu putha idan polypropyline woven fabric (Record no. 48629)

MARC details
000 -LEADER
fixed length control field 00272nam a2200109Ia 4500
100 ## - MAIN ENTRY--AUTHOR NAME
Personal name George S
245 #0 - TITLE STATEMENT
Title Thai rubberinu putha idan polypropyline woven fabric
260 ## - PUBLICATION, DISTRIBUTION, ETC. (IMPRINT)
Name of publisher Rubber
Year of publication 2017
300 ## - PHYSICAL DESCRIPTION
Number of Pages 15-16
942 ## - ADDED ENTRY ELEMENTS (KOHA)
Koha item type Bibliography STAF
Holdings
Withdrawn status Lost status Damaged status Not for loan Home library Current library Shelving location Date acquired Serial Enumeration / chronology Koha item type
      Bibliography RRII Library RRII Library Agronomy 09/04/2014 Volume 614, Issue May Bibliography STAF